| Tag |
First Indicator |
Second Indicator |
Subfields |
| LEADER |
00000nam a2200000 i 4500 |
| 001 |
in00004593713 |
| 006 |
m o d f |
| 007 |
cr ||||||||||| |
| 008 |
220811s2021 dcua o f000 0 eng c |
| 005 |
20220909153354.3 |
| 035 |
|
|
|a (OCoLC)on1340651316
|
| 040 |
|
|
|a GPO
|b eng
|e rda
|e pn
|c GPO
|d GPO
|d MvI
|
| 042 |
|
|
|a pcc
|
| 043 |
|
|
|a n-us---
|
| 049 |
|
|
|a WWW
|
| 074 |
|
|
|a 0443-G (online)
|
| 086 |
0 |
|
|a FR 2.2:T 77
|
| 245 |
0 |
0 |
|a Choosing a trusted contact person can help you protect your money /
|c Consumer Financial Protection Bureau.
|
| 264 |
|
1 |
|a [Washington, D.C.] :
|b Consumer Financial Protection Bureau,
|c 2021.
|
| 300 |
|
|
|a 1 online resource (4 unnumbered pages) :
|b color illustrations
|
| 336 |
|
|
|a text
|b txt
|2 rdacontent
|
| 337 |
|
|
|a computer
|b c
|2 rdamedia
|
| 338 |
|
|
|a online resource
|b cr
|2 rdacarrier
|
| 500 |
|
|
|a "11/2021"--Page 4.
|
| 500 |
|
|
|a GPO Cataloging Record Distribution Program (CRDP).
|
| 588 |
|
|
|a Description based on online resource, PDF version; title from caption (CFPB, viewed June 14, 2022).
|
| 650 |
|
0 |
|a Finance, Personal
|z United States.
|
| 650 |
|
0 |
|a Older people
|x Protection
|z United States.
|
| 650 |
|
0 |
|a Financial institutions
|x Services to older people
|z United States.
|
| 710 |
1 |
|
|a United States.
|b Consumer Financial Protection Bureau,
|e issuing body.
|
| 776 |
0 |
8 |
|i Print version:
|t Choosing a trusted contact person can help you protect your money
|w (OCoLC)1340651428
|
| 856 |
4 |
0 |
|u https://purl.fdlp.gov/GPO/gpo183432
|t 0
|
| 999 |
f |
f |
|s 3e9dc2b3-d547-44ee-87d3-87b6183b1a4b
|i dbd06e9e-f4d8-4b5a-aaca-f19a2f7fe01a
|t 0
|
| 952 |
f |
f |
|a Texas A&M University
|b College Station
|c Electronic Resources
|d Available Online
|t 0
|e FR 2.2:T 77
|h Superintendent of Documents classification
|
| 998 |
f |
f |
|a FR 2.2:T 77
|t 0
|l Available Online
|